LIBRARY & INFORMATION CENTRE, KCAET, TAVANUR

ONLINE PUBLIC ACCESS CATALOGUE (OPAC)

Physical and geo-technical properties of soils / (Record no. 9451)

MARC details
000 -LEADER
fixed length control field 00425cam a2200157ua 4500
003 - CONTROL NUMBER IDENTIFIER
control field OSt
008 - FIXED-LENGTH DATA ELEMENTS--GENERAL INFORMATION
fixed length control field 250415b |||||||| |||| 00| 0 eng d
041 ## - LANGUAGE CODE
Language code of text/sound track or separate title eng
082 ## - DEWEY DECIMAL CLASSIFICATION NUMBER
Classification number 624.15136
Item number BOW/PH
100 ## - MAIN ENTRY--AUTHOR NAME
Personal name Bowles, Joseph E.
245 ## - TITLE STATEMENT
Title Physical and geo-technical properties of soils /
250 ## - EDITION STATEMENT
Edition statement 2 /
260 ## - PUBLICATION, DISTRIBUTION, ETC. (IMPRINT)
Place of publication Singapore :
Name of publisher McGraw-Hill International Book Company ,
Year of publication 1984.
300 ## - PHYSICAL DESCRIPTION
Number of Pages 571 ; .
942 ## - ADDED ENTRY ELEMENTS (KOHA)
Koha item type Books
Holdings
Withdrawn status Lost status Damaged status Home library Current library Date acquired Full call number Accession Number Koha item type
      KAUAET KAUAET 07/04/2012 624.15136 BOW/PH 15700 Books
free website counter